|
|
|
|
| LEADER |
00598nam a22001577a 4500 |
| 003 |
OSt |
| 999 |
|
|
|c 195161
|d 195161
|
| 082 |
|
|
|a ICAR-DAE/CP
|
| 245 |
|
|
|a Proceedings of fourth national conference on krishi vigyan kendra:
|b KVK as resource and knowledge centre for agricultural technology
|
| 260 |
|
|
|a New Delhi
|b ICAR-Division of Agricultural Extension
|c 2010
|
| 300 |
|
|
|a 268p.
|
| 546 |
|
|
|a English
|
| 650 |
|
|
|a Conference Proceedings
|
| 700 |
|
|
|a ICAR-DAE
|
| 942 |
|
|
|2 ddc
|c REP
|
| 952 |
|
|
|0 0
|1 0
|2 ddc
|4 0
|6 ICAR_DAE_CP
|7 0
|9 202530
|a KAUCLV
|b KAUCLV
|c REPORTS
|d 2020-11-18
|o ICAR-DAE/CP
|p 811238
|r 2020-11-18
|w 2020-11-18
|y REP
|